Jugadores de la selección paraguaya de fútbol por foto - Estadísticas

Estadísticas generales
  • Esta prueba ha sido intentada 34 veces
  • La puntuación promedio es 7 de 16
Estadísticas de respuestas
Imagen Respuesta % Correcto
Miguel Almirón
94%
José Luis Chilavert
71%
Roque Santa Cruz
65%
Óscar Cardozo
61%
Ángel Romero
52%
Justo Villar
52%
Omar Alderete
52%
Antonio Sanabria
42%
Gustavo Gómez
42%
José Saturnino Cardozo
29%
Paulo Da Silva
26%
Alan Benítez
23%
Cristian Riveros
23%
Carlos Bonet
19%
Roberto Acuña
19%
Gustavo Velásquez
16%
No se encontraron pruebas coincidentes
Distribución de puntuación
Porcentaje de gente con cada puntuación
Porcentaje por número respondido
Historial de tus puntuaciones
No has intentado esta prueba.